गुन्हेगारांना इथे ना थारा (Record no. 965470)

MARC details
000 -LEADER
fixed length control field 00411nam a2200133Ia 4500
008 - FIXED-LENGTH DATA ELEMENTS--GENERAL INFORMATION
fixed length control field 151001s9999||||xx |||||||||||||| ||und||
100 ## - MAIN ENTRY--PERSONAL NAME
Personal name मोडक एस ई
245 ## - TITLE STATEMENT
Title गुन्हेगारांना इथे ना थारा
250 ## - EDITION STATEMENT
Edition statement 1
260 ## - PUBLICATION, DISTRIBUTION, ETC. (IMPRINT)
Name of publisher, distributor, etc प्रेस्टीज पब्लिकेशन पुणे
260 ## - PUBLICATION, DISTRIBUTION, ETC. (IMPRINT)
Date of publication, distribution, etc 1978
300 ## - PHYSICAL DESCRIPTION
Extent 324
365 ## - TRADE PRICE
Price amount 21

No items available.